000 00692nam a2200265Ia 4500
005 20260306163451.0
008 008 260114s9999 xx 000 0 eng d
020 _a9781474464772
037 _aEBOOK
040 _aCRL
040 _beng
040 _cCRL
041 _2eng
041 _aeng
084 _qCRL
100 _aHollweg, Krstic
_91128690
245 0 _aWorld Cinema And The Essay Film: Transnational Perspectives On A Global Practice
260 _bEdinburgh Scholarship Online
260 _c2020
650 _aJournalism & Mass Communication
856 _uhttps://academic.oup.com/book/34153
942 _cEBOOK
999 _c1710214
_d1710214